000 01247naa a22003017a 4500
001 BR2700017
003 BR-BrBNA
005 20240918172739.0
007 ta
008 230509b bl.||||| |||| 00| 0 por d
040 _aBR-BrBNA
_bpor
_cBiblioteca Nacional de Agricultura
041 _a(Pt)
072 _aL00; E70
_b7100
_b8971
090 _aL00 BR2700017
100 1 _aGranato, L.
111 1 _a1. Congresso Nacional de Oleos, Gorduras, Ceras e Resinas, e seus Derivados
_cRio de Janeiro, GB (Brazil)
_d22 Nov 1924
245 1 _aA nossa importacao e exportacao de cera de abelhas e a conveniencia de se impulsionar a apicultura entre nos
260 3 _aRio de Janeiro, GB (Brasil):
_c1927.
500 _aAnnaes do Primeiro e Segundo Congresso Nacional de Oleos, Gorduras, Ceras e Resinas, e seus derivados Rio de Janeiro, GB (Brasil): 1927. p. 115-117 (BR2700017-AM)L00
650 _aABELHA
650 _aAPICULTURA
650 _aCERA
650 _aIMPORTACAO
650 _aEXPORTACAO
773 0 _tAnnaes do Primeiro e Segundo Congresso Nacional de Oleos, Gorduras, Ceras e Resinas, e seus derivados
_wL00 BR2700017
_gRio de Janeiro, GB (Brasil), 1927. p. 115-117
909 _a202404
_bLucia
_c55
_dLucia Elande
942 _cAM
_2AGRIS
999 _c301345
_d301345